Planning changes up a gear (Record no. 65780)
[ view plain ]
| 000 -LEADER | |
|---|---|
| fixed length control field | 01132cam a2200205 4500 |
| 001 - CONTROL NUMBER | |
| control field | ABS63340 |
| 008 - FIXED-LENGTH DATA ELEMENTS--GENERAL INFORMATION | |
| fixed length control field | 000000n2000 000 0 eng u |
| 035 ## - SYSTEM CONTROL NUMBER | |
| System control number | (Sirsi) u110305 |
| 100 ## - MAIN ENTRY--PERSONAL NAME | |
| Personal name | Waters, B |
| 245 ## - TITLE STATEMENT | |
| Title | Planning changes up a gear |
| 260 ## - PUBLICATION, DISTRIBUTION, ETC. | |
| Date of publication, distribution, etc. | 2000 |
| 490 ## - SERIES STATEMENT | |
| Series statement | Architects' Journal |
| Volume/sequential designation | 212(22) 21 December 2000, 52(1) |
| 520 ## - SUMMARY, ETC. | |
| Summary, etc. | Examines the new procedures which are set to accelerate the appeals process and which could set up an alternative way of obtaining planning decisions. These procedures came into force in August 2000. The improved performance by the Planning Inspectorate is already beating government targets and has implications for the decision as to when and whether to appeal in the first place. The article looks at the main changes and considers that now the planning inspectorate may be viewed as a legitimate and practical alternative jurisdiction for planning decisions. References. |
| 590 ## - LOCAL NOTE (RLIN) | |
| Local note | ABS |
| 650 ## - SUBJECT ADDED ENTRY--TOPICAL TERM | |
| Topical term or geographic name entry element | PLANNING INSPECTORATE |
| 650 ## - SUBJECT ADDED ENTRY--TOPICAL TERM | |
| Topical term or geographic name entry element | APPEAL PROCEDURE |
| 650 ## - SUBJECT ADDED ENTRY--TOPICAL TERM | |
| Topical term or geographic name entry element | PLANNING DECISIONS |
| 690 ## - LOCAL SUBJECT ADDED ENTRY--TOPICAL TERM (OCLC, RLIN) | |
| Topical term or geographic name as entry element | ENVIRONMENTAL AND LAND CONSULTANCY-PLANNING AND DEVELOPMENT |
| 942 ## - ADDED ENTRY ELEMENTS (KOHA) | |
| Suppress in OPAC | 0 |
| Withdrawn status | Lost status | Source of classification or shelving scheme | Damaged status | Not for loan | Home library | Current library | Shelving location | Date acquired | Total Checkouts | Full call number | Barcode | Date last seen | Copy number | Price effective from | Koha item type |
|---|---|---|---|---|---|---|---|---|---|---|---|---|---|---|---|
| Dewey Decimal Classification | London | London | Journal article | 10/01/2001 | ABS63340 | 110305-1001 | 06/08/2019 | 1 | 06/08/2019 | Journal article |